000 00833cam a22001815a 4500
001 L157271
008 121009s1872 xxk f 000 0 eng d
035 _a(Sirsi) u157271
041 0 _aeng
245 0 0 _aHolborn valley improvements
_breport [to] improvement committee of proceedings in connection with the Holborn valley improvements, under the several acts of parliament relating thereto, 18th November 1872
260 _a[London]
_b[s.n.]
_c1872
300 _a84 p.
_b10 folded plates (some col.)
_c33 cm.
520 _aIncludes ink inscription on front fly-leaf: "Charles William Thompson, Guildhall, London 9.1.1872 from the Worshipful the Improvement Committee, George Shaw Esq., Chairman".
583 _aCondition reviewed
_c20120620
_lcondition level 3
651 4 _aLondon
690 _aInfrastructure
_96246
942 _n0
999 _c114690
_d114690